Англо-український словник з інформатики та обчислювальної техніки: понад 15000 термінів (Запис № 308041)
[ простий вигляд ]
| 000 -Лідер | |
|---|---|
| fixed length control field | 00860nam a22002657a 4500 |
| 001 - Контрольний номер | |
| control field | 21832 |
| 003 - Ідентифікатор контрольного номера | |
| control field | UA-OsUOA |
| 005 - Дата та час останнього входження (трансакції) | |
| control field | 20191111120757.0 |
| 007 - Фіксоване поле фізичного опису | |
| fixed length control field | ta |
| 008 - Елементи даних фіксованої довжини – загальна інформація | |
| fixed length control field | 20031215b un ||||| |||| 00| 0 ukr d |
| 020 ## - Міжнародний стандартний книжковий номер (ISBN) | |
| Міжнародний стандартний книжковий номер (ISBN) (НП) | 577730253Х |
| 040 ## - Джерело каталогізації | |
| Агенція оригінальної каталогізації | UA-OsUOA |
| Мова каталогізації | ukr |
| Агенція, яка здійснювала перезапис | UA-OsUOA |
| Агенція, яка здійснювала модифікацію | UA-OsUOA |
| 041 ## - Код мови | |
| Код мови тексту/ звукової доріжки чи окремого заголовка (П) | ukr |
| 044 ## - Код країни видавця/ виробника | |
| Код країни видавця/ виробника (П) | UA |
| 080 ## - Індекс Універсальної десяткової класифікації | |
| Індекс Універсальної десяткової класифікації (УДК) (НП) | 004.656(038) |
| 090 ## - Локальний шифр розміщення | |
| Класифікаційний індекс УДК | 004.656(038) |
| Авторський знак (НП) | К71 |
| 100 ## - Основне введення – ім’я особи | |
| Ім’я особи (НП) | Коссак О. М. |
| 245 ## - Відомості про назву | |
| Назва (НП) | Англо-український словник з інформатики та обчислювальної техніки: понад 15000 термінів |
| 260 ## - Публікація, розповсюдження і т.п. (Вихідні дані) | |
| Місце публікації, розповсюдження і т.п. (П) | Львів |
| Ім’я/ наймення видавництва, розповсюджувача і т.п. (П) | БаК |
| Дата публікації, розповсюдження і т.п. (П) | 1995 |
| 300 ## - Фізичний опис | |
| Обсяг | 304 с. |
| 650 #7 - Додаткове предметне введення – тематичний термін | |
| Тематичний термін чи географічна назва, як елемент введення (НП) | 00 Загальні питання науки і культури |
| Джерело заголовка чи терміна | UDC |
| 942 ## - Додаткові елементи входу (Коха) | |
| Тип елемента Koha | Книги |
| Source of classification or shelving scheme | Universal Decimal Classification |
| 955 ## - Код типу видання за змістом | |
| Код типу видання за змістом (НП) | Навчальні видання |
| Стан вилучень | Стан втрат | Джерело класифікації або схеми стелажів | Стан уражень | Не для кредиту | Постійне місце розташування | Поточне розміщення | Дата придбання | Вартість, звичайна ціна покупки | Інвентарний номер | Усього замовленно | Повний номер виклику | Штрих-код | Дата останнього перегляду | Ціна ефективна від | Тип елемента Koha | Усього утримується |
|---|---|---|---|---|---|---|---|---|---|---|---|---|---|---|---|---|
| Universal Decimal Classification | АБ - Абонемент НБ | АБ - Абонемент НБ | 07/04/2005 | 12.15 | 15139 | 004.656(038) К71 | 15139 | 25/10/2021 | 15/12/2003 | Книги | ||||||
| Universal Decimal Classification | АБ - Абонемент НБ | АБ - Абонемент НБ | 27/08/2012 | 15140 | 004.656(038) К71 | 15140 | 25/10/2021 | 15/12/2003 | Книги | |||||||
| Universal Decimal Classification | АБ - Абонемент НБ | АБ - Абонемент НБ | 07/04/2005 | 10.60 | 15141 | 004.656(038) К71 | 15141 | 25/10/2021 | 15/12/2003 | Книги | ||||||
| Universal Decimal Classification | АБ - Абонемент НБ | АБ - Абонемент НБ | 07/04/2005 | 10.60 | 15142 | 004.656(038) К71 | 15142 | 25/10/2021 | 15/12/2003 | Книги | ||||||
| Universal Decimal Classification | АБ - Абонемент НБ | АБ - Абонемент НБ | 07/04/2005 | 20.70 | 15143 | 004.656(038) К71 | 15143 | 25/10/2021 | 15/12/2003 | Книги | ||||||
| Universal Decimal Classification | АБ - Абонемент НБ | АБ - Абонемент НБ | 07/04/2005 | 2.00 | 15144 | 004.656(038) К71 | 15144 | 25/10/2021 | 15/12/2003 | Книги | ||||||
| Universal Decimal Classification | АБ - Абонемент НБ | АБ - Абонемент НБ | 07/04/2005 | 10.60 | 15145 | 004.656(038) К71 | 15145 | 25/10/2021 | 15/12/2003 | Книги | ||||||
| Universal Decimal Classification | АБ - Абонемент НБ | АБ - Абонемент НБ | 07/04/2005 | 10.60 | 15146 | 004.656(038) К71 | 15146 | 25/10/2021 | 15/12/2003 | Книги | ||||||
| Universal Decimal Classification | АБ - Абонемент НБ | АБ - Абонемент НБ | 11/03/2005 | 20.70 | 23287 | 004.656(038) К71 | 23287 | 25/10/2021 | 15/12/2003 | Книги | ||||||
| Universal Decimal Classification | АБ - Абонемент НБ | АБ - Абонемент НБ | 11/03/2005 | 20.70 | 23289 | 004.656(038) К71 | 23289 | 25/10/2021 | 15/12/2003 | Книги | ||||||
| Universal Decimal Classification | АБ - Абонемент НБ | АБ - Абонемент НБ | 11/03/2005 | 20.70 | 23290 | 004.656(038) К71 | 23290 | 25/10/2021 | 15/12/2003 | Книги | ||||||
| Universal Decimal Classification | АБ - Абонемент НБ | АБ - Абонемент НБ | 11/03/2005 | 20.70 | 23291 | 004.656(038) К71 | 23291 | 25/10/2021 | 15/12/2003 | Книги | ||||||
| Universal Decimal Classification | АБ - Абонемент НБ | АБ - Абонемент НБ | 27/08/2012 | 23292 | 004.656(038) К71 | 23292 | 25/10/2021 | 15/12/2003 | Книги | |||||||
| Universal Decimal Classification | АБ - Абонемент НБ | АБ - Абонемент НБ | 30/08/2012 | 23294 | 004.656(038) К71 | 23294 | 25/10/2021 | 15/12/2003 | Книги | |||||||
| Universal Decimal Classification | АБ - Абонемент НБ | АБ - Абонемент НБ | 13/07/2019 | 25.00 | 23295 | 004.656(038) К71 | 23295 | 09/05/2022 | 15/12/2003 | Книги | 1 | |||||
| Universal Decimal Classification | АБ - Абонемент НБ | АБ - Абонемент НБ | 11/03/2005 | 20.70 | 23296 | 004.656(038) К71 | 23296 | 25/10/2021 | 15/12/2003 | Книги | ||||||
| Universal Decimal Classification | АБ - Абонемент НБ | АБ - Абонемент НБ | 14/06/2004 | 5.00 | 79533 | 004.656(038) К71 | 79533 | 20/10/2021 | 15/12/2003 | Книги | ||||||
| Universal Decimal Classification | АБ - Абонемент НБ | АБ - Абонемент НБ | 04/07/2006 | 23288 | 004 (038) К71 | 23288 | 25/10/2021 | 04/07/2006 | Книги | |||||||
| Universal Decimal Classification | АБ - Абонемент НБ | АБ - Абонемент НБ | 04/07/2006 | 23293 | 004 (038) К71 | 23293 | 25/10/2021 | 04/07/2006 | Книги | |||||||
| Universal Decimal Classification | АБ - Абонемент НБ | АБ - Абонемент НБ | 04/07/2006 | 15137 | 004 (038) К71 | 15137 | 25/10/2021 | 04/07/2006 | Книги | |||||||
| Universal Decimal Classification | АБ - Абонемент НБ | АБ - Абонемент НБ | 04/07/2006 | 15138 | 004 (038) К71 | 15138 | 25/10/2021 | 04/07/2006 | Книги | |||||||
| Universal Decimal Classification | АБ - Абонемент НБ | АБ - Абонемент НБ | 04/07/2006 | 15147 | 004 (038) К71 | 15147 | 25/10/2021 | 04/07/2006 | Книги | |||||||
| Universal Decimal Classification | ЧЗ - Читальна зала | ЧЗ - Читальна зала | 15/12/2003 | 5.00 | 61574 | 004.656(038) К71 | 61574 | 06/02/2022 | 15/12/2003 | Книги | ||||||
| Universal Decimal Classification | ЧЗ - Читальна зала | ЧЗ - Читальна зала | 15/12/2003 | 3.00 | 61575 | 004.656(038) К71 | 61575 | 06/02/2022 | 15/12/2003 | Книги | ||||||
| Universal Decimal Classification | ЧЗ - Читальна зала | ЧЗ - Читальна зала | 27/08/2012 | 92043 | 004.656(038) К71 | 92043 | 11/02/2022 | 15/12/2003 | Книги | |||||||
| Universal Decimal Classification | ЧЗ - Читальна зала | ЧЗ - Читальна зала | 27/08/2012 | 92044 | 004.656(038) К71 | 92044 | 09/02/2022 | 15/12/2003 | Книги | |||||||
| Universal Decimal Classification | ЧЗ - Читальна зала | ЧЗ - Читальна зала | 27/08/2012 | 92045 | 004.656(038) К71 | 92045 | 11/02/2022 | 15/12/2003 | Книги |